LEADER 00968nam0-22003131i-450- 001 990000849090403321 005 20001010 010 $a88-13-16382-7 035 $a000084909 035 $aFED01000084909 035 $a(Aleph)000084909FED01 035 $a000084909 100 $a20001010d--------km-y0itay50------ba 101 0 $aita 105 $ay-------001yy 200 1 $aCorso di Matematica per le facolta di Architettura, Economia e Commercio, Scienze M.F.N., Farmacia, Agraria$fM. Stoka 210 $aPadova$cCEDAM$d1988 215 $aXII, 531 p.$d24 cm 610 0 $aCorso di Matematica per le Facolta' di Architettura,$bEconomia e Commercio,$bScienze M.F.N.,$bFarmacia,$bAgraria 676 $a510 700 1$aStoka,$bMarius$038136 801 0$aIT$bUNINA$gRICA$2UNIMARC 901 $aBK 912 $a990000849090403321 952 $a02 2 A 25$b5542$fFINBN 959 $aFINBN 996 $aCorso di matematica$9195682 997 $aUNINA DB $aING01 LEADER 02156nam--2200469---450 001 990000647420203316 005 20200220124356.0 012 $ao-ta t.n- o-79 Meca (3) 1814 (A) (Volume 1)$2fei$5SA0186 012 $as.um Idn- n-a- ju28 (C) 1814 (A)$2fei$5SA0186 035 $a0064742 035 $aUSA010064742 035 $a(ALEPH)000064742USA01 035 $a0064742 100 $a20010928d1814----km-y0ENGy0103----ba 101 $alat 102 $aIT 140 $a#---#---#zz------aaya#------ 141 $af--zo---$5SA0186--------------------------------------------------------------------- 200 1 $aP. Virgilii Maronis Opera, interpretatione et notis illustravit Carolus Ruaeus, Soc. Iesu ad usum serenissimi Delphini editio nova, auctior et emendatior, cui accessit index accuratissimus, omnibus numeris et concordantii absolutus, juxta editionem Parisiensem an. 1726. Tomus primus [-secundus] 210 $aNeapoli$cex Typographia Orsiniana$d1814 215 $a2 volumi (XXIV, 638, 140 p.)$d4° 307 $aSegnatura: [ast.]-3[ast.]4 A-3A4 (Volume 1) 307 $aSegnatura: A-2K4 A-2M2 ( Volume 2) 620 $aItalia$dNapoli 700 1$aVERGILIUS MARO,$bPublius$07260 702 1$aLA RUE,$bCharles : de$F<1643-1725> 712 02$a Neapoli, ex Typographia Orsiniana$c[editore] 801 0$aIT$bsalbc$gISBD 912 $a990000647420203316 951 $aFV B 14 I 49-50$b1017-1018$cFV B 14 I 951 $aXV.9.A. 86 2$b650 MAR$cXV.9.A.$d367531 959 $aBK 969 $aF.VENTIMIGLIA 969 $aMAR 979 $aPATTY$b90$c20010928$lUSA01$h1339 979 $aPATTY$b90$c20010928$lUSA01$h1340 979 $aPATTY$b90$c20010928$lUSA01$h1340 979 $c20020403$lUSA01$h1714 979 $aPATRY$b90$c20040406$lUSA01$h1645 979 $aIANNONE$b90$c20150227$lUSA01$h1222 996 $aP. Virgilii Maronis Opera, interpretatione et notis illustravit Carolus Ruaeus, Soc. Iesu ad usum serenissimi Delphini editio nova, auctior et emendatior, cui accessit index accuratissimus, omnibus numeris et concordantii absolutus, juxta editionem Parisiensem an. 1726. Tomus primus$9958070 997 $aUNISA LEADER 01973nam0 22003011i 450 001 RML0300354 005 20231121125742.0 100 $a20121121d2007 ||||0itac50 ba 101 | $aita 102 $ait 181 1$6z01$ai $bxxxe 182 1$6z01$an 200 1 $aMercato e diritto$fNiklas Luhmann$ga cura di Luisa Avitabile 210 $aTorino $cGiappichelli $dİ2007 215 $a222 p.$d23 cm 606 $aEconomia$xDiritto$2FIR$3RMLC006297$9I 676 $a330.01$9$v20 700 1$aLuhmann$b, Niklas$3RMLV148691$0118733 702 1$aDe Giorgi$b, Raffaele$3RMLV184414 702 1$aAvitabile$b, Luisa$3RMLV191270 801 3$aIT$bIT-01$c20121121 850 $aIT-FR0098 899 $aBiblioteca Area Giuridico Economica$bFR0098 912 $aRML0300354 950 0$aBiblioteca Area Giuridico Economica$d 53DSG 23 134$e 53VM 0000703375 VMB A4 barcode:BAGE009592. - Inventario:14712. - Fondo:Sala consultazioneVM$fA $h20070913$i20121204$d 53DSG 23 135$e 53VM 0000703365 VMB NN barcode:BAGE009595. - Inventario:14715. - Fondo:Sala consultazioneVM$fA $h20070913$i20121204$d 53DSG 23 136$e 53VM 0000703355 VMB A4 barcode:BAGE009591. - Inventario:14711. - Fondo:Sala consultazioneVM$fA $h20070913$i20121204$d 53DSG 23 137$e 53VM 0000703345 VMB A4 barcode:BAGE009594. - Inventario:14714. - Fondo:Sala consultazioneVM$fA $h20070913$i20121204$d 53DSG 23 138$e 53VM 0000703335 VMB A4 barcode:BAGE009593. - Inventario:14713. - Fondo:Sala consultazioneVM$fA $h20070913$i20121204$d 53DSG 19/116$e 53VM 0000703325 VM barcode:BAGE017948. - Inventario:15639. - Fondo:Fondo RomanoVM$fA $h20100625$i20121204 977 $a 53 996 $aMercato e diritto$93629738 997 $aUNICAS